|
|
|
|
| LEADER |
01874nam a2200397 a 4500 |
| 001 |
000536263 |
| 003 |
CZ BrMZK |
| 005 |
20090616142855.0 |
| 007 |
ta |
| 008 |
000115s2000 xr f ger d |
| 015 |
|
|
|a cnb000887130
|
| 020 |
|
|
|a 80-244-0272-6
|q (v knize neuvedeno :
|q brož.)
|z 80-244-0123-1
|
| 035 |
|
|
|a (OCoLC)85009674
|
| 040 |
|
|
|a BOA001
|b cze
|
| 043 |
|
|
|a ec-----
|
| 072 |
|
7 |
|a 342
|x Ústavní právo. Správní právo
|2 Konspekt
|9 16
|
| 080 |
|
|
|a 342
|2 MRF
|
| 080 |
|
|
|a (4-191.2)
|2 MRF
|
| 080 |
|
|
|a (062.534)
|2 MRF
|
| 111 |
2 |
|
|a Verfassungsvergleichung in Mitteleuropa
|d (1998 :
|c Olomouc, Česko)
|7 mzk2009490519
|
| 245 |
1 |
0 |
|a Verfassungsvergleichung in Mitteleuropa :
|b schriftliche Fassung der Hausabrbeiten des gleichnamigen, vom 27. April bis 1. Mai 1998 an der Rechtswissenschaftlichen Fakultät der Palacky-Universität Olomouc gehaltenen Seminars /
|c Armin Stolz, Bernd Wieser (Herausgeber) ; unter Mitarbeit von Johannes Buder ; redaktionnelle Betreuung in Olomouc Michal Malacka
|
| 250 |
|
|
|a 1. vyd.
|
| 260 |
|
|
|a Olomouc :
|b Vydavatelství Univerzity Palackého,
|c 2000
|
| 300 |
|
|
|a 136 s. ;
|c 25 cm
|
| 490 |
1 |
|
|a Acta Universitatis Palackianae Olomucensis. Facultas iuridica ;
|v suppl. 1/2000
|
| 500 |
|
|
|a Úv. též čes. - Překl. z češt.
|
| 650 |
0 |
7 |
|a ústavní právo
|7 ph116908
|z Evropa střední
|2 czenas
|
| 655 |
|
7 |
|a sborníky konferencí
|7 fd133333
|2 czenas
|
| 700 |
1 |
|
|a Stolz, Armin,
|d 1957-
|7 mzk2003190637
|4 edt
|
| 700 |
1 |
|
|a Wieser, Bernd
|7 mzk2003190638
|4 edt
|
| 700 |
1 |
|
|a Malacka, Michal,
|d 1973-
|7 mzk2003190639
|4 edt
|
| 710 |
2 |
|
|a Univerzita Palackého.
|b Právnická fakulta
|7 kn20010709376
|
| 830 |
|
0 |
|a Acta Universitatis Palackianae Olomucensis.
|p Facultas iuridica
|
| 910 |
|
|
|a BOA001
|b 3-1077.929
|
| 990 |
|
|
|a BK
|
| 996 |
6 |
|
|b 2610122813
|c 3-1077.929
|l MZK
|r Sklad / do 1 hodiny
|n 0
|p p.v.
|w 000536263
|u 000010
|a 1
|e BOA001
|j MZK50
|s P
|